| 000 | 00634nam a2200181Ia 4500 | ||
|---|---|---|---|
| 008 | 090124s9999 xx 000 0 und d | ||
| 082 |
_b19026 _a389 |
||
| 100 | _aदिवेकर महादेवशास्त्री | ||
| 245 | _a विद्यार्थी धर्म | ||
| 250 | _a1 | ||
| 260 | _c1974 | ||
| 300 | _a156 | ||
| 600 | _aदिवेकर महादेवशास्त्री | ||
| 630 | _a विद्यार्थी धर्म | ||
| 700 | _aदिवेकर महादेवशास्त्री | ||
| 730 | _a विद्यार्थी धर्म | ||
| 942 | _cBOOK | ||
| 999 |
_c132967 _d132967 |
||